000 00853nab a2200253 u 4500
001 11095
003 HDC
007 cr bn ---aaaaa
008 210206c mydr|nes 0 a eng d
040 _aHDC
100 _aSuryati Mohd Nor,
_eauthor
_911322
245 0 _aSemangat Di Padang Bantu Berjaya Dalam Bisnes - Hai-O /
_cby Suryati Mohd Nor
260 _a[no place] :
_b[publisher not identified],
_c[no year]
336 _atext
_2rdacontent
337 _acomputer
_2rdamedia
338 _aonline resource
_2rdacarrier
650 _aEntrepreneur
_91863
650 _aHalal industry
_9144
710 _aMStar
856 _zRequest full-text at [email protected]
942 _2lcc
942 _cNEWS
942 _kNWSO 000307
999 _c8418
_d8418